Petit Bac #62 - Communes de Polynésie Française - Statistiques

Statistiques générales
  • Ce quiz a été pris 145 fois
  • Le résultat moyen est 6 sur 11
Statistiques - réponses
1ère Lettre Commune (1000+ hab.) % Correct
P Punaauia / Papeete / Pirae / Paea / Papara
92%
F Faa'a / Fakarava
77%
M Moorea-Maiao / Mahina / Makemo / Maupiti / Manihi
72%
B Bora-Bora
68%
H Hitia'a O Te Ra / Huahine / Hiva-Oa / Hao
59%
R Rangiroa / Rurutu
53%
N Nuku-Hiva
50%
A Arue / Arutua
49%
T Taiarapu-Est / Teva I Uta / Taiarapu-Ouest / Tahaa / Taputapuatea / Tumaraa / Tubuai / Takaroa
48%
U Uturoa / Ua-Pou
41%
G Gambier
38%
Aucun quiz correspondant
Distribution des résultats
% des personnes avec chaque résultat
Percentile par nombre de réponses
Votre historique - résultats
Vous n’avez pas pris ce quiz